000 00527nam a2200217Ia 4500
008 170918s9999 xx 000 0 und d
020 _a9780590921589
050 _bM399 1997
100 _aMason, Jane
245 _aUps and downs :
245 _ba book about floating and sinking /
245 _cJane Mason.
260 _aNew York :
260 _bScholastic,
260 _c1997
300 _aunpaged :
300 _bcolored illustration ;
300 _c20cm.
440 _aThe magic school bus.
500 _a460
999 _c341439
_d341439